000 00386nam a2200145Ia 4500
008 231129s1998||||xx |||||||||||||| ||spa||
020 _a970-10-1944-X
040 _bspa
082 _a658.503 S618p
100 _aSipper Daniel
245 0 _aPlaneación y control de la producción
260 _c1998
264 _aMcGraw-Hill
942 _2ddc
_cBKS
999 _c22820
_d22820